|
|
|
|
| LEADER |
00000nam0a2200000 4500 |
| 001 |
348625 |
| 005 |
20231102010127.0 |
| 035 |
|
|
|a (RuTPU)RU\TPU\retro\362
|
| 090 |
|
|
|a 348625
|
| 100 |
|
|
|a 20180302d1961 m y0rusy50 ca
|
| 101 |
0 |
|
|a rus
|
| 102 |
|
|
|a RU
|
| 105 |
|
|
|a a z 001zy
|
| 200 |
1 |
|
|a Китайский язык
|f Н. Н. Коротков [и др.]
|g Академия наук СССР (АН СССР), Институт народов Азии
|
| 210 |
|
|
|a Москва
|c Изд-во восточной литературы
|d 1961
|
| 215 |
|
|
|a 134 с.
|c ил.
|
| 225 |
1 |
|
|a Языки зарубежного Востока и Африки
|
| 320 |
|
|
|a Библиогр.: с. 133-134
|
| 606 |
1 |
|
|a Китайский язык
|2 stltpush
|3 (RuTPU)RU\TPU\subj\14450
|9 40833
|
| 610 |
1 |
|
|a диалекты
|
| 610 |
1 |
|
|a звуки
|
| 610 |
1 |
|
|a письменность
|
| 610 |
1 |
|
|a словарный состав
|
| 610 |
1 |
|
|a грамматика
|
| 610 |
1 |
|
|a части речи
|
| 610 |
1 |
|
|a синтаксис
|
| 686 |
|
|
|a Ш171.11
|v LBC/SL-A
|2 rubbk
|
| 701 |
|
1 |
|a Коротков
|b Н. Н.
|g Николай Николаевич
|
| 701 |
|
1 |
|a Рождественский
|b Ю. В.
|g Юрий Владимирович
|
| 701 |
|
1 |
|a Сердюченко
|b Г. П.
|g Георгий Петрович
|
| 701 |
|
1 |
|a Солнцев
|b В. М.
|g Вадим Михайлович
|
| 712 |
0 |
2 |
|a Академия наук СССР (АН СССР)
|b Институт народов Азии
|2 stltpush
|3 (RuTPU)RU\TPU\col\15325
|
| 801 |
|
1 |
|a RU
|b 63413507
|c 20180302
|
| 801 |
|
2 |
|a RU
|b 63413507
|c 20180510
|g RCR
|
| 942 |
|
|
|c BK
|